01398agaaa2200313 45000010005000000030009000050050017000140070009000310080040000400400023000800410013001031000043001161300017001592400024001762450125002002460017003252500022003422600137003643000035005015080108005365110091006445200092007355380009008275460013008366500069008497000052009187000059009707000055010290749IT-RoPAU20220918181228.0d cvaizq50131s9999||||xx ||| | || ||und|| aIT-RoPAUcIT-RoPAU aITALIANO aWenders WimgCodice regista SPICS: 499 aPARIS, TEXAS aPARIS, TEXASgT2197 aPARIS, TEXAScSceneggiatura: Shepard Sam -- Diretto da: Wenders WimpPARIS, TEXAS (Rif. Codice opera principale : V0749) aPARIS, TEXAS aEdizione Standard aBERLINO - FRANCIA (GERMANIA)bROAD MOVIES - ARGOS FILM / Distribuzione: SPF FIRENZEg"1984 (1° ed.: 1993 ; Ed. Lingua Orig.: 1984)" a16MMbsonoro, col.c160 minuti a"Fotografia: Muller Robby; Montaggio: Przygodda Peter; Musica: Cooder Ry; Sceneggiatura: Shepard Sam; " a"Kinski Nastassja; Dean; Stanton Harry; Stockwell Dean; Clement Aurore; Carson Hunter" aFILM A COLORI. PELLICOLA IN BUONO STATO. PER LA TRAMA VEDERE VIDEOCASSETTA: 9960/48308. aMONO aITALIANO aDRAMMATICOePELLICOLE CINEMA [16 MM]xCodice MATERIA SPICS: 9955 aCooder Rye(musica)gCodice Musica SPICS: 11321 aShepard Sam e(soggetto)gCodice Soggetto SPICS: 22867 aWenders Wim e(regista)gCodice regista SPICS: 499